000 00578nam a22001937a 4500
003 OSt
005 20140310181738.0
008 130322t xxu||||| |||| 00| 0 eng d
020 _a9718341404
050 _aBV4541.3
_b.M37 2005
082 _aBV4541.3
_b.M37 2005
245 _aTruth unplugged
_bstories for girls on faith, love, and things that matter most
_cGena Maselli
260 _aManila, Philippines
_bLighthouse Inspirational Books & Gifts, Inc.
_c2005
300 _a254p.
_c22cm.
521 _aTeachers
541 _j1
562 _e1
942 _2lcc
_cBK-TR
_kTR
999 _c2668
_d2668